| 000 | 00728nam a2200241 a 4500 | ||
|---|---|---|---|
| 001 | 69502 | ||
| 003 | BD-RjUL | ||
| 005 | 20211209081909.0 | ||
| 008 | 170412s2003 flua b 001 0 eng d | ||
| 020 | _a1566705193 (alk. paper) | ||
| 035 | _a(BD-RjUL)69714 | ||
| 040 |
_aDLC _cDLC _dBD-RjUL _dDLC _beng |
||
| 041 | _aeng | ||
| 082 | 0 | 0 |
_a543 _223 _bKEA 2003 |
| 100 | 1 |
_aKenkel, John. _9205863 |
|
| 245 | 1 | 0 |
_aAnalytical chemistry for technicians / _cJohn Kenkel. |
| 250 | _a3rd ed. | ||
| 260 |
_aBoca Raton : _bLewis Publishers, _cc2003. |
||
| 300 |
_a554 p. : _bill. ; _c27 cm. + _e1 CD-ROM (4 3/4 in.) |
||
| 504 | _aIncludes bibliographical references and index. | ||
| 650 | 0 |
_aChemistry, Analytic. _9205864 |
|
| 942 |
_2ddc _cBK |
||
| 999 |
_c69502 _d69502 |
||